000 00820nam a2200229Ii 4500
003 JO-AjNU
008 230605s9999||||xx |||||||||||||| ||und||
017 _a2021/6/3246
020 _a978-9957-94-642-5
040 _aJO-AjNU
_bara
_erda
_cJO-AjNU
041 _aara
050 1 4 _aHA4561 2021
100 3 _aصالح، كمال صدقي أحمد,
_eauthor
_963659
245 0 0 _aارقام ومؤشرات: الأردن في مئة عام
250 _aط1
264 3 1 _aعمان: وزارة الثقافه، 2021
300 _a372ص
_bاصدارات مئوية الدولة الاردنية 2021
336 _atext
_btxt
_2rdacontent
337 _aunmediated
_bn
_2rdamedia
338 _avolume
_bnc
_2rdacarrier
650 4 _aالبيانات الإحصائية-الإحصاءات العامة-الأردن
_963660
999 _aA28888
_c32456
_d32456